Nghiên cứu và ứng dụng móng kim cương vào các công trình chịu tải trọng nhỏ

Tallennettuna:
Bibliografiset tiedot
Päätekijä: Trần, Minh Phụng
Aineistotyyppi: Kirja
Kieli:Undetermined
Aiheet:
Linkit:http://lrc.tdmu.edu.vn/opac/search/detail.asp?aID=2&ID=30385
Tagit: Lisää tagi
Ei tageja, Lisää ensimmäinen tagi!
Thư viện lưu trữ: Trung tâm Học liệu Trường Đại học Thủ Dầu Một
LEADER 00648nam a2200145Ia 4500
001 TDMU_30385
008 210410s9999 xx 000 0 und d
082 |a 959.9 
100 |a Trần, Minh Phụng 
245 0 |a Nghiên cứu và ứng dụng móng kim cương vào các công trình chịu tải trọng nhỏ 
245 0 |c Trần Minh Phụng, Phạm Văn Nam 
300 |a Tr.100-109 
650 |a Nền móng công trình; Kiểm toán móng; Móng kim cương; Cọc xiên 
856 |u http://lrc.tdmu.edu.vn/opac/search/detail.asp?aID=2&ID=30385 
980 |a Trung tâm Học liệu Trường Đại học Thủ Dầu Một